[Event "23rd OIBM 2019"]
[Site "Gmund am Tegernsee"]
[Date "2019.10.30"]
[Round "5.35"]
[White "Smits, Mark"]
[Black "Atakisi, Umut"]
[Result "0-1"]
[WhiteElo "2132"]
[BlackElo "2393"]
[Annotator "NA"]
[PlyCount "58"]
[EventDate "2019.10.17"]
[EventType "swiss"]
[EventCountry "GER"]
[SourceTitle "playchess.com"]
[Source "ChessBase"]
[SourceQuality "1"]
[TimeControl "40/5400+30:1800+30"]

1. e4 {[%emt 0:00:00]} c5 {[%emt 0:00:00]} 2. Nf3 {[%emt 0:00:00]} e6 {[%emt 0:00:00]} 3. d4 {[%emt 0:00:00]} cxd4 {[%emt 0:00:00]} 4. Nxd4 {[%emt 0:00:03]} Nc6 {[%emt 0:00:00]} 5. Nc3 {[%emt 0:02:14]} Qc7 {[%emt 0:00:00]} 6. f4 {[%emt 0:00:37]} a6 {[%emt 0:00:20]} 7. Nxc6 {[%emt 0:00:28]} bxc6 {[%emt 0:00:06]} 8. e5 {[%emt 0:00:32]} d5 {[%emt 0:00:23]} 9. exd6 {[%emt 0:00:08]} Bxd6 {[%emt 0:00:06]} 10. Qf3 {[%emt 0:02:14]} Nf6 {[%emt 0:01:31]} 11. Bd3 {[%emt 0:00:13]} Bb7 {[%emt 0:02:55]} 12. Ne4 {[%emt 0:11:41]} Nxe4 {[%emt 0:04:55]} 13. Bxe4 {[%emt 0:00:49]} f5 {[%emt 0:11:14]} 14. Bd3 {[%emt 0:00:25]} c5 {[%emt 0:00:08]} 15. Qe2 {[%emt 0:00:42]} O-O {[%emt 0:00:29]} 16. O-O {[%emt 0:04:58]} e5 {[%emt 0:22:18]} 17. Qf2 {[%emt 0:10:44]} c4 {[%emt 0:07:28]} 18. Be2 {[%emt 0:00:32]} Rae8 {[%emt 0:01:19]} 19. Be3 {[%emt 0:26:32]} exf4 {[%emt 0:03:18]} 20. Bd4 {[%emt 0:00:05]} f3 {[%emt 0:04:54]} 21. gxf3 {[%emt 0:02:38]} Re6 {[%emt 0:05:29]} 22. Kh1 {[%emt 0:22:15]} Bxh2 {[%emt 0:09:31]} 23. Qxh2 {[%emt 0:00:31]} Qxh2+ {[%emt 0:00:06]} 24. Kxh2 {[%emt 0:00:04]} Rxe2+ {[%emt 0:00:06]} 25. Kg3 {[%emt 0:01:41]} f4+ {[%emt 0:00:32]} 26. Kh4 {[%emt 0:04:19]} Rh2+ {[%emt 0:00:19]} 27. Kg5 {[%emt 0:00:11]} h6+ {[%emt 0:01:42]} 28. Kg6 {[%emt 0:00:12]} Bc8 {[%emt 0:00:42]} 29. Bxg7 {[%emt 0:00:35]} Bf5# {[%emt 0:00:13]} 0-1

[Event "23rd OIBM 2019"]
[Site "Gmund am Tegernsee"]
[Date "2019.10.30"]
[Round "5.36"]
[White "Baum, Jonasz"]
[Black "Nehyba, Martin"]
[Result "0-1"]
[WhiteElo "2341"]
[BlackElo "2129"]
[Annotator "ChessBase"]
[PlyCount "104"]
[EventDate "2019.10.17"]
[EventType "swiss"]
[EventCountry "GER"]
[SourceTitle "playchess.com"]
[Source "ChessBase"]
[SourceQuality "1"]
[TimeControl "40/5400+30:1800+30"]

1. e4 {[%emt 0:00:00]} c5 {[%emt 0:00:09]} 2. Nf3 {[%emt 0:00:00]} e6 {[%emt 0:00:08]} 3. d4 {[%emt 0:00:00]} cxd4 {[%emt 0:00:04]} 4. Nxd4 {[%emt 0:00:00]} Nf6 {[%emt 0:00:07]} 5. Nc3 {[%emt 0:00:00]} Nc6 {[%emt 0:00:05]} 6. Ndb5 {[%emt 0:00:06]} d6 {[%emt 0:02:20]} 7. Bf4 {[%emt 0:00:10]} e5 {[%emt 0:00:06]} 8. Bg5 {[%emt 0:00:04]} a6 {[%emt 0:00:06]} 9. Na3 {[%emt 0:00:05]} b5 {[%emt 0:00:14]} 10. Bxf6 {[%emt 0:00:15]} gxf6 {[%emt 0:00:05]} 11. Nd5 {[%emt 0:00:04]} f5 {[%emt 0:00:07]} 12. c3 {[%emt 0:00:06]} Bg7 {[%emt 0:00:25]} 13. exf5 {[%emt 0:00:15]} Bxf5 {[%emt 0:06:55]} 14. Nc2 {[%emt 0:00:06]} O-O {[%emt 0:01:12]} 15. Nce3 {[%emt 0:00:04]} Be6 {[%emt 0:01:43]} 16. Bd3 {[%emt 0:00:07]} f5 {[%emt 0:02:27]} 17. O-O {[%emt 0:02:55]} Ne7 {[%emt 0:18:05]} 18. Nxe7+ {[%emt 0:00:46]} Qxe7 {[%emt 0:00:02]} 19. Bxf5 {[%emt 0:00:33]} Bxf5 {[%emt 0:09:56]} 20. Nxf5 {[%emt 0:00:06]} Qe6 {[%emt 0:00:08]} 21. Qd5 {[%emt 0:06:34]} Qxd5 {[%emt 0:06:20]} 22. Ne7+ {[%emt 0:00:21]} Kf7 {[%emt 0:00:01]} 23. Nxd5 {[%emt 0:00:06]} Rac8 {[%emt 0:00:10]} 24. a4 {[%emt 0:07:19]} Ke6 {[%emt 0:01:12]} 25. Rfd1 {[%emt 0:00:49]} a5 {[%emt 0:12:03]} 26. axb5 {[%emt 0:30:16]} Rc5 {[%emt 0:00:44]} 27. Ne3 {[%emt 0:12:47]} Rxb5 {[%emt 0:01:04]} 28. Nc4 {[%emt 0:05:45]} d5 {[%emt 0:05:00]} 29. Rxa5 {[%emt 0:00:25]} Rxa5 {[%emt 0:00:23]} 30. Nxa5 {[%emt 0:00:02]} Rb8 {[%emt 0:00:18]} 31. b3 {[%emt 0:18:14]} Rb5 {[%emt 0:03:29]} 32. b4 {[%emt 0:01:01]} e4 {[%emt 0:01:59]} 33. c4 {[%emt 0:08:33]} dxc4 {[%emt 0:01:01]} 34. Nxc4 {[%emt 0:00:06]} Rxb4 {[%emt 0:00:07]} 35. Ne3 {[%emt 0:00:17]} Ra4 {[%emt 0:01:35]} 36. g3 {[%emt 0:04:23]} Ra1 {[%emt 0:05:12]} 37. Rxa1 {[%emt 0:00:06]} Bxa1 {[%emt 0:00:04]} 38. Nc2 {[%emt 0:02:13]} Be5 {[%emt 0:01:16]} 39. Kf1 {[%emt 0:00:35]} Bc7 {[%emt 0:00:16]} 40. Ke2 {[%emt 0:00:36]} Bb6 {[%emt 0:00:08]} 41. Ne3 {[%emt 0:30:52]} Bc5 {[%emt 0:35:58]} 42. h3 {[%emt 0:00:32]} Ba7 {[%emt 0:00:33]} 43. Kd2 {[%emt 0:00:25]} Bb6 {[%emt 0:00:36]} 44. Ke2 {[%emt 0:01:59]} Ba7 {[%emt 0:00:07]} 45. h4 {[%emt 0:00:10]} Bc5 {[%emt 0:00:19]} 46. Kf1 {[%emt 0:00:09]} Bxe3 {[%emt 0:02:25]} 47. fxe3 {[%emt 0:01:18]} Kf5 {[%emt 0:00:08]} 48. h5 {[%emt 0:00:00]} Kg4 {[%emt 0:00:00]} 49. Kg2 {[%emt 0:00:00]} h6 {[%emt 0:00:00]} 50. Kh2 {[%emt 0:00:00]} Kf3 {[%emt 0:00:00]} 51. Kh3 {[%emt 0:00:00]} Kxe3 {[%emt 0:00:00]} 52. g4 {[%emt 0:00:00]} Kf3 {[%emt 0:00:00]} 0-1

[Event "23rd OIBM 2019"]
[Site "Gmund am Tegernsee"]
[Date "2019.10.30"]
[Round "5.37"]
[White "Renner, Kai"]
[Black "Singer, Christoph"]
[Result "1/2-1/2"]
[WhiteElo "2153"]
[BlackElo "2339"]
[Annotator "NA"]
[PlyCount "48"]
[EventDate "2019.10.17"]
[EventType "swiss"]
[EventCountry "GER"]
[SourceTitle "playchess.com"]
[Source "ChessBase"]
[SourceQuality "1"]
[TimeControl "40/5400+30:1800+30"]

1. e4 {[%emt 0:00:00]} Nf6 {[%emt 0:00:00]} 2. e5 {[%emt 0:00:00]} Nd5 {[%emt 0:00:00]} 3. d4 {[%emt 0:00:34]} d6 {[%emt 0:00:00]} 4. Nf3 {[%emt 0:00:32]} g6 {[%emt 0:00:34]} 5. c4 {[%emt 0:06:49]} Nb6 {[%emt 0:00:09]} 6. exd6 {[%emt 0:01:19]} cxd6 {[%emt 0:00:39]} 7. Be2 {[%emt 0:00:34]} Bg7 {[%emt 0:00:19]} 8. O-O {[%emt 0:01:06]} Bg4 {[%emt 0:04:37]} 9. Be3 {[%emt 0:05:40]} O-O {[%emt 0:03:35]} 10. Nc3 {[%emt 0:09:16]} Nc6 {[%emt 0:02:28]} 11. b3 {[%emt 0:02:21]} d5 {[%emt 0:21:15]} 12. c5 {[%emt 0:04:16]} Nc8 {[%emt 0:00:08]} 13. Rc1 {[%emt 0:08:30]} e6 {[%emt 0:02:36]} 14. Ne1 {[%emt 0:25:15]} Bxe2 {[%emt 0:03:37]} 15. Nxe2 {[%emt 0:00:15]} N8e7 {[%emt 0:02:52]} 16. Qd2 {[%emt 0:01:43]} Nf5 {[%emt 0:03:51]} 17. Nf3 {[%emt 0:00:50]} f6 {[%emt 0:13:49]} 18. Rfd1 {[%emt 0:03:24]} Rf7 {[%emt 0:11:15]} 19. a3 {[%emt 0:04:55]} Rd7 {[%emt 0:00:23]} 20. b4 {[%emt 0:01:47]} a6 {[%emt 0:00:05]} 21. Ng3 {[%emt 0:07:43]} Nfe7 {[%emt 0:07:53]} 22. a4 {[%emt 0:02:18]} a5 {[%emt 0:01:07]} 23. b5 {[%emt 0:00:08]} Nb4 {[%emt 0:00:01]} 24. Ne1 {[%emt 0:02:38]} e5 1/2-1/2

[Event "23rd OIBM 2019"]
[Site "Gmund am Tegernsee"]
[Date "2019.10.30"]
[Round "5.38"]
[White "Konik, Michael"]
[Black "Forchert, Martin"]
[Result "1/2-1/2"]
[WhiteElo "2126"]
[BlackElo "2335"]
[Annotator "NA"]
[PlyCount "54"]
[EventDate "2019.10.17"]
[EventType "swiss"]
[EventCountry "GER"]
[SourceTitle "playchess.com"]
[Source "ChessBase"]
[SourceQuality "1"]
[TimeControl "40/5400+30:1800+30"]

1. e4 {[%emt 0:00:00]} Nf6 {[%emt 0:00:00]} 2. Nc3 {[%emt 0:00:00]} d5 {[%emt 0:00:00]} 3. e5 {[%emt 0:00:00]} Nfd7 {[%emt 0:00:00]} 4. f4 {[%emt 0:00:01]} c5 {[%emt 0:00:12]} 5. Nf3 {[%emt 0:03:01]} Nc6 {[%emt 0:00:17]} 6. d4 {[%emt 0:02:51]} cxd4 {[%emt 0:01:46]} 7. Nxd4 {[%emt 0:03:19]} Nxd4 {[%emt 0:00:18]} 8. Qxd4 {[%emt 0:00:36]} e6 {[%emt 0:00:07]} 9. Qf2 {[%emt 0:06:34]} f6 {[%emt 0:05:59]} 10. Be3 {[%emt 0:15:38]} Bb4 {[%emt 0:01:00]} 11. Bd3 {[%emt 0:09:34]} O-O {[%emt 0:02:56]} 12. Qh4 {[%emt 0:02:49]} f5 {[%emt 0:00:55]} 13. Qxd8 {[%emt 0:00:41]} Rxd8 {[%emt 0:00:08]} 14. O-O {[%emt 0:00:25]} Nc5 {[%emt 0:13:03]} 15. Nb5 {[%emt 0:02:57]} Nxd3 {[%emt 0:01:42]} 16. cxd3 {[%emt 0:00:21]} Bd7 {[%emt 0:01:08]} 17. Nd4 {[%emt 0:06:26]} b6 {[%emt 0:04:01]} 18. Kf2 {[%emt 0:02:47]} Rac8 {[%emt 0:00:26]} 19. Rfc1 {[%emt 0:01:32]} Kf7 {[%emt 0:05:13]} 20. Rxc8 {[%emt 0:06:09]} Rxc8 {[%emt 0:00:08]} 21. Rc1 {[%emt 0:00:49]} Rxc1 {[%emt 0:00:34]} 22. Bxc1 {[%emt 0:00:08]} h6 {[%emt 0:00:34]} 23. Ke2 {[%emt 0:01:37]} Be7 {[%emt 0:02:01]} 24. Bd2 {[%emt 0:07:20]} g5 {[%emt 0:05:03]} 25. g3 {[%emt 0:01:07]} Bc5 {[%emt 0:08:35]} 26. Nb3 {[%emt 0:03:12]} Be7 {[%emt 0:01:06]} 27. Nd4 {[%emt 0:00:04]} Bc5 {[%emt 0:11:19]} 1/2-1/2

[Event "23rd OIBM 2019"]
[Site "Gmund am Tegernsee"]
[Date "2019.10.30"]
[Round "5.39"]
[White "Koepke, Christian"]
[Black "Juergens, Klaus"]
[Result "1/2-1/2"]
[WhiteElo "2332"]
[BlackElo "2121"]
[Annotator "TA"]
[PlyCount "90"]
[EventDate "2019.10.17"]
[EventType "swiss"]
[EventCountry "GER"]
[SourceTitle "playchess.com"]
[Source "ChessBase"]
[SourceQuality "1"]

{[%evp 9,90,-13,13,16,15,6,25,22,14,14,16,15,29,23,24,31,35,29,34,34,38,34,35,28,43,24,31,32,39,0,0,0,4,0,30,0,58,14,14,12,11,4,8,-27,-32,-20,-29,-111,-133,-127,-117,-311,-325,-456,-261,-364,-354,-345,-348,-370,-363,-361,-323,-371,-343,-368,-347,-368,-368,-340,-357,-405,-281,-275,-172,-210,-94,-91,-85,-94,-93,-120,-83]} 1. b3 Nf6 2. Bb2 g6 3. Bxf6 exf6 4. c4 Bg7 5. Nc3 O-O (5... f5 6. Rc1 c5 7. g3 O-O 8. Bg2 Nc6 9. Nh3 g5 10. f4 h6 11. O-O d6 12. fxg5 hxg5 {1-0 (40) Rapport,R (2709)-Naiditsch,A (2711) Jurmala 2015}) 6. g3 {A01: Nimzowitsch-Larsen Opening} f5 7. Rc1 d6 $146 ({Predecessor:} 7... Re8 8. Bg2 d6 9. e3 Nd7 10. Nge2 Nc5 11. Qc2 a5 12. d4 Nd7 {0-1 (78) Aydin,A (1747)-Ozkara,H (1788) Konya 2017}) 8. Bg2 {White has an edge.} Nd7 9. e3 a5 10. Nge2 Re8 11. O-O Nc5 12. Qc2 c6 13. d4 Nd7 14. a3 Nf6 15. b4 axb4 16. axb4 Bd7 17. b5 Qa5 18. Qb2 Qa3 19. Rb1 (19. Qb1 {keeps more tension.} Qa5 20. Rc2 Qc7 21. Rb2 Rec8 22. Nf4) 19... Qxb2 20. Rxb2 Ra7 21. Rfb1 Kf8 22. Nc1 c5 ({Black should play} 22... Rea8 $11) 23. b6 Ra3 24. Rb3 Rxb3 25. Nxb3 cxd4 26. exd4 Ne4 27. Nxe4 fxe4 28. d5 (28. Ra1 $11 {keeps the balance.}) 28... e3 $17 29. fxe3 Rxe3 {Threatens to win with ...Bf5.} 30. Kf2 $2 (30. c5 $17 Bf5 31. Kf2) 30... Rc3 $19 31. Na5 (31. Ke2 {is a better defense.}) 31... Bc8 (31... Bd4+ $142 32. Kf1 Rc2) 32. Be4 Bd4+ 33. Kg2 Re3 34. Bf3 Ra3 35. Nc6 Bf5 ({Not} 35... bxc6 36. dxc6 Ra2+ 37. Kh1 $11) 36. Rd1 Ra2+ 37. Kh1 Bxb6 38. Nd4 Bh3 {[#] Strongly threatening ...Rf2.} 39. Ne2 g5 40. g4 f5 41. gxf5 Bxf5 42. Ng3 {[#]} Bg6 (42... Bh3 $1 $19 43. Rb1 Be3) 43. Be4 $17 {Black is better.} Be3 44. Bxg6 hxg6 45. Rf1+ Bf4 {Accuracy: White = 53%, Black = 53%.} 1/2-1/2

[Event "23rd OIBM 2019"]
[Site "Gmund am Tegernsee"]
[Date "2019.10.30"]
[Round "5.40"]
[White "Faerber, David"]
[Black "Freundorfer, Josef"]
[Result "1/2-1/2"]
[WhiteElo "2332"]
[BlackElo "2111"]
[Annotator "RC"]
[PlyCount "118"]
[EventDate "2019.10.17"]
[EventType "swiss"]
[EventCountry "GER"]
[SourceTitle "playchess.com"]
[Source "ChessBase"]
[SourceQuality "1"]
[TimeControl "40/5400+30:1800+30"]

1. e4 {[%emt 0:00:00]} e5 {[%emt 0:00:00]} 2. Nf3 {[%emt 0:00:00]} Nc6 {[%emt 0:00:00]} 3. Bb5 {[%emt 0:00:00]} a6 {[%emt 0:00:07]} 4. Ba4 {[%emt 0:00:00]} Nf6 {[%emt 0:00:14]} 5. d3 {[%emt 0:00:00]} Bc5 {[%emt 0:00:50]} 6. Nc3 {[%emt 0:04:16]} h6 {[%emt 0:05:24]} 7. h3 {[%emt 0:17:14]} d6 {[%emt 0:04:48]} 8. Bxc6+ {[%emt 0:02:10]} bxc6 {[%emt 0:00:11]} 9. Be3 {[%emt 0:01:40]} Bxe3 {[%emt 0:03:48]} 10. fxe3 {[%emt 0:00:27]} Qe7 {[%emt 0:02:11]} 11. Qe2 {[%emt 0:08:46]} a5 {[%emt 0:04:12]} 12. O-O {[%emt 0:14:04]} Rb8 {[%emt 0:13:16]} 13. Rab1 {[%emt 0:06:53]} O-O {[%emt 0:06:40]} 14. Kh1 {[%emt 0:12:24]} Re8 {[%emt 0:09:17]} 15. Nd2 {[%emt 0:07:34]} Be6 {[%emt 0:09:15]} 16. Nb3 {[%emt 0:06:55]} Ra8 {[%emt 0:02:14]} 17. Qf3 {[%emt 0:04:41]} d5 {[%emt 0:12:07]} 18. exd5 {[%emt 0:01:27]} cxd5 {[%emt 0:00:27]} 19. d4 {[%emt 0:00:05]} e4 {[%emt 0:04:47]} 20. Qe2 {[%emt 0:00:29]} Reb8 {[%emt 0:14:01]} 21. Nc5 {[%emt 0:00:25]} Bc8 {[%emt 0:00:13]} 22. Qf2 {[%emt 0:03:14]} Rb6 {[%emt 0:00:48]} 23. Qh4 {[%emt 0:01:01]} Rab8 {[%emt 0:00:35]} 24. b3 {[%emt 0:00:13]} Rd6 {[%emt 0:00:24]} 25. Kg1 {[%emt 0:01:21]} Be6 {[%emt 0:01:02]} 26. Ne2 {[%emt 0:01:24]} Re8 {[%emt 0:00:50]} 27. Qf2 {[%emt 0:01:21]} Nd7 {[%emt 0:00:36]} 28. Nxd7 {[%emt 0:00:45]} Bxd7 {[%emt 0:00:23]} 29. Kh2 {[%emt 0:00:44]} Bb5 {[%emt 0:01:05]} 30. Rbe1 {[%emt 0:01:17]} Rc6 {[%emt 0:00:17]} 31. Rc1 {[%emt 0:00:44]} Rd8 {[%emt 0:00:16]} 32. a4 {[%emt 0:00:58]} Ba6 {[%emt 0:00:07]} 33. Rfe1 {[%emt 0:00:11]} Rf6 {[%emt 0:00:55]} 34. Qh4 {[%emt 0:00:39]} Qd6+ {[%emt 0:00:49]} 35. Qg3 {[%emt 0:00:25]} g5 {[%emt 0:01:50]} 36. Qxd6 {[%emt 0:01:00]} Rdxd6 {[%emt 0:00:20]} 37. Nc3 {[%emt 0:00:40]} c6 {[%emt 0:00:32]} 38. Kg1 {[%emt 0:00:11]} Rf5 {[%emt 0:00:09]} 39. Ne2 {[%emt 0:02:07]} Kh7 {[%emt 0:02:12]} 40. Ng3 {[%emt 0:00:32]} Rff6 {[%emt 0:00:20]} 41. c4 {[%emt 0:02:20]} Kg6 {[%emt 0:20:11]} 42. Rf1 {[%emt 0:08:58]} h5 {[%emt 0:01:47]} 43. Rxf6+ {[%emt 0:04:51]} Rxf6 {[%emt 0:00:11]} 44. Nf1 {[%emt 0:00:55]} Bb7 {[%emt 0:03:54]} 45. Nd2 {[%emt 0:01:37]} h4 {[%emt 0:01:42]} 46. Nb1 {[%emt 0:03:50]} g4 {[%emt 0:01:52]} 47. hxg4 {[%emt 0:01:37]} Kg5 {[%emt 0:00:09]} 48. cxd5 {[%emt 0:02:00]} cxd5 {[%emt 0:00:13]} 49. Rc5 {[%emt 0:00:09]} Kxg4 {[%emt 0:00:41]} 50. Rxa5 {[%emt 0:02:28]} h3 {[%emt 0:01:27]} 51. Nd2 {[%emt 0:00:30]} Kg3 {[%emt 0:01:14]} 52. gxh3 {[%emt 0:00:05]} Rf2 53. Nf1+ {[%emt 0:00:18]} Kf3 {[%emt 0:00:52]} 54. Ra7 {[%emt 0:00:14]} Rg2+ {[%emt 0:01:01]} 55. Kh1 {[%emt 0:00:00]} Kf2 {[%emt 0:00:10]} 56. Rxb7 {[%emt 0:05:31]} Rg1+ {[%emt 0:00:09]} 57. Kh2 {[%emt 0:00:03]} Rg2+ {[%emt 0:00:07]} 58. Kh1 {[%emt 0:00:03]} Rg1+ {[%emt 0:00:08]} 59. Kh2 {[%emt 0:00:03]} Rg2+ {[%emt 0:00:09] Rb8} 1/2-1/2

[Event "23rd OIBM 2019"]
[Site "Gmund am Tegernsee"]
[Date "2019.10.30"]
[Round "5.41"]
[White "De Ruijter, Luuk"]
[Black "Wiest, Leonhard"]
[Result "1/2-1/2"]
[WhiteElo "2214"]
[BlackElo "2014"]
[Annotator "NA"]
[PlyCount "27"]
[EventDate "2019.10.17"]
[EventType "swiss"]
[EventCountry "GER"]
[SourceTitle "playchess.com"]
[Source "ChessBase"]
[SourceQuality "1"]
[TimeControl "40/5400+30:1800+30"]

1. d4 {[%emt 0:00:00]} d5 {[%emt 0:00:00]} 2. Nf3 {[%emt 0:00:00]} Nf6 {[%emt 0:00:00]} 3. c4 {[%emt 0:00:25]} e6 {[%emt 0:00:00]} 4. g3 {[%emt 0:00:11]} Bb4+ {[%emt 0:00:56]} 5. Bd2 {[%emt 0:00:22]} Be7 {[%emt 0:00:07]} 6. Qc2 {[%emt 0:00:17]} c6 {[%emt 0:00:59]} 7. Bg2 {[%emt 0:00:13]} O-O {[%emt 0:00:16]} 8. O-O {[%emt 0:00:19]} Nbd7 {[%emt 0:00:26]} 9. Rd1 {[%emt 0:01:40]} Ne4 {[%emt 0:05:02]} 10. Nc3 {[%emt 0:03:42]} Nxd2 {[%emt 0:02:03]} 11. Nxd2 {[%emt 0:00:18]} f5 {[%emt 0:00:09]} 12. cxd5 {[%emt 0:02:43]} exd5 {[%emt 0:02:54]} 13. a3 {[%emt 0:01:38]} f4 {[%emt 0:06:46]} 14. Nf3 {[%emt 0:02:39]} 1/2-1/2

[Event "23rd OIBM 2019"]
[Site "Gmund am Tegernsee"]
[Date "2019.10.30"]
[Round "5.42"]
[White "Thiel, Fabian"]
[Black "Guttenthaler, Franz"]
[Result "1/2-1/2"]
[WhiteElo "2109"]
[BlackElo "2328"]
[Annotator "NA"]
[PlyCount "51"]
[EventDate "2019.10.17"]
[EventType "swiss"]
[EventCountry "GER"]
[SourceTitle "playchess.com"]
[Source "ChessBase"]
[SourceQuality "1"]
[TimeControl "40/5400+30:1800+30"]

1. d4 {[%emt 0:00:00]} Nf6 {[%emt 0:00:00]} 2. c4 {[%emt 0:00:00]} e6 {[%emt 0:00:17]} 3. Nc3 {[%emt 0:00:00]} Bb4 {[%emt 0:00:55]} 4. f3 {[%emt 0:00:00]} d5 {[%emt 0:01:32]} 5. a3 {[%emt 0:00:00]} Bxc3+ {[%emt 0:00:11]} 6. bxc3 {[%emt 0:00:03]} c5 {[%emt 0:05:41]} 7. cxd5 {[%emt 0:00:42]} exd5 {[%emt 0:00:14]} 8. e3 {[%emt 0:01:03]} O-O {[%emt 0:01:53]} 9. Bd3 {[%emt 0:00:27]} b6 {[%emt 0:00:51]} 10. Ne2 {[%emt 0:00:49]} Ba6 {[%emt 0:00:33]} 11. Ng3 {[%emt 0:04:57]} Re8 {[%emt 0:05:01]} 12. O-O {[%emt 0:01:31]} Bxd3 {[%emt 0:14:04]} 13. Qxd3 {[%emt 0:01:46]} Nc6 {[%emt 0:00:09]} 14. Bb2 {[%emt 0:02:49]} Qc7 {[%emt 0:05:11]} 15. Rae1 {[%emt 0:05:00]} Rad8 {[%emt 0:00:57]} 16. e4 {[%emt 0:10:07]} Na5 {[%emt 0:07:46]} 17. e5 {[%emt 0:04:15]} Nd7 {[%emt 0:00:08]} 18. Nf5 {[%emt 0:02:10]} Nf8 {[%emt 0:06:30]} 19. f4 {[%emt 0:11:28]} Nc4 {[%emt 0:08:29]} 20. Bc1 {[%emt 0:02:46]} Qd7 {[%emt 0:00:42]} 21. Rf3 {[%emt 0:23:43]} Kh8 {[%emt 0:00:35]} 22. Rg3 {[%emt 0:02:49]} g6 {[%emt 0:00:22]} 23. Ne3 {[%emt 0:04:11]} Nxe3 {[%emt 0:08:33]} 24. Bxe3 {[%emt 0:00:21]} c4 {[%emt 0:00:09]} 25. Qc2 {[%emt 0:01:50]} f5 {[%emt 0:04:00]} 26. exf6 {[%emt 0:05:39]} 1/2-1/2

[Event "23rd OIBM 2019"]
[Site "Gmund am Tegernsee"]
[Date "2019.10.30"]
[Round "5.43"]
[White "Lavrinenkov, Vadim"]
[Black "Proschmann, Tino"]
[Result "0-1"]
[WhiteElo "2306"]
[BlackElo "2106"]
[Annotator "TA"]
[PlyCount "109"]
[EventDate "2019.10.17"]
[EventType "swiss"]
[EventCountry "GER"]
[SourceTitle "playchess.com"]
[Source "ChessBase"]
[SourceQuality "1"]

{[%evp 12,109,18,0,0,0,22,29,34,22,82,0,144,147,158,153,147,131,168,139,222,210,204,169,171,169,177,178,163,147,154,135,141,138,139,119,145,140,174,171,184,183,178,174,183,187,178,138,138,140,140,125,127,128,163,151,182,179,175,143,187,181,230,218,294,291,247,47,122,14,40,14,14,14,14,14,294,293,1089,0,8,0,1019,1067,886,796,5197,5197,5189,5189,5189,5189,5189,5189,5182,5053,4634,4631,4622,4622]} 1. d4 d5 2. c4 c6 3. Nf3 Nf6 4. cxd5 cxd5 5. Nc3 Nc6 6. Bf4 Nh5 7. Be5 f6 {D13: Slav Defence: Exchange variation without ...Bf5} 8. Bg3 $1 e5 (8... Be6 9. e3 Nxg3 10. hxg3 Bf7 11. Bd3 g6 12. O-O e6 13. Rc1 Bd6 14. Na4 O-O 15. a3 {½-½ (45) Inarkiev,E (2684)-Motylev,A (2659) Yaroslavl 2018}) 9. e3 Nxg3 {White has an edge.} 10. hxg3 Be6 {[#]} (10... e4 $11) 11. Bb5 (11. dxe5 $1 $16 fxe5 12. Bb5) 11... Bd6 $146 (11... e4 $1 $11 {remains equal.} 12. Nd2 Bb4) ({Predecessor:} 11... e4 12. Nd2 Rc8 13. Qb3 Kf7 14. Rc1 Na5 15. Qa4 {0-1 (52) Avramidou,A (2249)-Colijn,S (2329) Anogia 2019}) 12. dxe5 $16 fxe5 {[#]} 13. Nxe5 $1 {[%mdl 512]} Bxe5 14. Bxc6+ $1 bxc6 15. Qh5+ {[%mdl 64] Double Attack} Kd7 (15... Kf8 $16 {might work better.} 16. Qxe5 Bf7) 16. Qxe5 $18 Qe7 17. O-O-O Bg4 18. Qxe7+ Kxe7 19. Rd4 Bf5 20. Re1 Rhe8 21. e4 dxe4 22. Nxe4 Kf8 23. Re3 {And now Rf3 would win.} Kg8 24. f3 Rad8 25. Ra4 Bxe4 26. Rexe4 Rxe4 27. Rxe4 {[%mdl 4096] Endgame KR-KR} ({Don't play} 27. fxe4 $6 Rd3 $16) 27... Kf7 28. Kc2 Rd5 29. Kc3 h5 30. g4 h4 31. Rd4 Re5 32. Kd2 Kg6 33. f4 Rb5 34. b3 a5 35. Kc3 Kh7 36. Rc4 Rd5 37. Rxc6 Rd1 38. Rc5 g6 {intending ...Rg1.} 39. f5 $2 (39. Rxa5 $18 {Black must now prevent Ra7+.} Rc1+ 40. Kd4) 39... Rg1 $14 40. fxg6+ ({Don't take} 40. Rxa5 $6 Rxg2 41. Re5 Rg3+ 42. Kd2 Rxg4 $11) (40. f6 $16) 40... Kxg6 $11 41. Rh5 Rxg2 42. Rxh4 {aiming for a4.} Rxa2 43. Rh5 a4 $2 {[%mdl 8192]} (43... Kf6 $11 {and Black is okay.}) 44. b4 $18 Ra3+ $2 (44... Kf6 45. b5 Ke7) 45. Kc2 $2 ({White must play} 45. Kc4 $18 {Threatens to win with Ra5.} Rg3 46. Kc5) 45... Ra2+ 46. Kc3 $2 {[%mdl 8192]} (46. Kd3 $11) 46... Ra3+ $1 47. Kc4 {White is clearly winning.} Rg3 48. Ra5 Rxg4+ 49. Kb5 Kf6 50. Rxa4 Ke7 51. Ra1 Kd7 {[#]} 52. Rc1 $1 Rg8 53. Rc4 Kd6 54. Ka6 Kd5 55. Rc1 {[%mdl 32768] Accuracy: White = 63%, Black = 38%. . Loss on time!?} 0-1